[Event "24th Abu Dhabi Masters"]
[Site "Abu Dhabi UAE"]
[Date "2017.08.19"]
[Round "6.19"]
[White "Eggleston, David J"]
[Black "Karthikeyan, Murali"]
[Result "1-0"]
[WhiteTitle "IM"]
[BlackTitle "GM"]
[WhiteElo "2380"]
[BlackElo "2579"]
[WhiteFideId "412120"]
[BlackFideId "5074452"]
[EventDate "2017.08.14"]

1. e4 e5 2. Nf3 Nc6 3. Bc4 Nf6 4. d3 Bc5 5. c3 O-O 6. b4 Bb6 7. a4 a6 8. O-O d6
9. h3 Ne7 10. a5 Ba7 11. Re1 Ng6 12. Nbd2 h6 13. Nf1 c6 14. Ng3 d5 15. Ba2 Re8
16. c4 b6 17. axb6 Qxb6 18. Qd2 dxe4 19. dxe4 c5 20. bxc5 Qxc5 21. Bb3 Qc7 22.
Ba3 Rd8 23. Qc3 Be6 24. Red1 Nd7 25. Rab1 Bc5 26. Bxc5 Qxc5 27. Nf5 Nf4 28. Re1
a5 29. Ra1 f6 30. Qe3 Qb4 31. Ra4 Qb6 32. Ne7+ Kh7 33. Nd5 Qxe3 34. Rxe3 Nc5 35.
Ra3 a4 36. Bc2 Bf7 37. Nxf4 exf4 38. e5+ Kg8 39. Rec3 fxe5 40. Nxe5 Re8 41. Nxf7
Kxf7 42. Rf3 g5 43. g3 Re2 44. Ra2 Kg7 45. gxf4 a3 46. fxg5 hxg5 47. Re3 Rd2 48.
Re5 Nd3 49. Rd5 Rxc2 50. Rxc2 Nb4 51. Rd7+ Kf6 52. Rc1 a2 53. Rdd1 Na6 54. Rd6+
Ke7 55. Rb6 Nc5 56. Ra1 Ra3 57. Rb2 Rxh3 58. Raxa2 Rc3 59. Rc2 Rd3 60. Rd2 Rc3
61. Rac2 Ra3 62. Rd5 Ne6 63. Re2 1-0

[Event "24th Abu Dhabi Masters"]
[Site "Abu Dhabi UAE"]
[Date "2017.08.19"]
[Round "6.20"]
[White "Rozum, Ivan"]
[Black "Iniyan, P"]
[Result "1-0"]
[WhiteTitle "GM"]
[BlackTitle "IM"]
[WhiteElo "2579"]
[BlackElo "2404"]
[WhiteFideId "24104272"]
[BlackFideId "25002767"]
[EventDate "2017.08.14"]

1. Nf3 Nf6 2. g3 d5 3. Bg2 g6 4. O-O Bg7 5. d4 O-O 6. c4 c6 7. Qb3 b6 8. Nc3 Bb7
9. Rd1 e6 10. Bf4 Nbd7 11. Rac1 Qe7 12. c5 Rfc8 13. Re1 Ba6 14. Qa3 Bb7 15. Bd6
Qd8 16. e4 Ne8 17. e5 Nxd6 18. cxd6 c5 19. Nb5 cxd4 20. Rxc8 Qxc8 21. Nc7 Rb8
22. Bh3 a6 23. Nxe6 fxe6 24. Bxe6+ Kh8 25. Ng5 h6 26. Qd3 Qe8 27. Bxd7 Qxd7 28.
e6 Qa4 29. Nf7+ Kh7 30. h4 Qb4 31. Rc1 Qb5 32. Qxb5 axb5 33. e7 Bf6 34. Rc7 Re8
35. Rxb7 d3 36. Kf1 d2 37. Ke2 Kg7 38. Nd8 Be5 39. Ne6+ Kf7 40. d7 1-0

[Event "24th Abu Dhabi Masters"]
[Site "Abu Dhabi UAE"]
[Date "2017.08.19"]
[Round "6.21"]
[White "Batchuluun, Tsegmed"]
[Black "Saravana, Krishnan P."]
[Result "1-0"]
[WhiteTitle "GM"]
[WhiteElo "2555"]
[BlackElo "2378"]
[WhiteFideId "4900847"]
[BlackFideId "5018382"]
[EventDate "2017.08.14"]

1. d4 d5 2. Nf3 Nf6 3. Bf4 g6 4. e3 Bg7 5. Be2 c5 6. c3 Nc6 7. h3 O-O 8. Nbd2
Nd7 9. O-O e5 10. dxe5 Ndxe5 11. Nxe5 Nxe5 12. Qb3 c4 13. Qd1 Qb6 14. Bxe5 Bxe5
15. Nf3 Bg7 16. Qd2 Re8 17. Qxd5 Qxb2 18. Ng5 Be6 19. Nxe6 fxe6 20. Qxc4 Rac8
21. Rab1 Rxc4 22. Rxb2 Rc7 23. Rfb1 Ree7 24. Rd2 Bxc3 25. Rd8+ Kf7 26. Ra8 b6
27. Bb5 Rc5 28. a4 Rec7 29. g3 Bf6 30. Kg2 Rd5 31. h4 Rd2 32. Rb4 Rd8 33. Rc4
Rb7 34. Rxd8 Bxd8 35. Rc8 Ke7 36. f4 Rc7 37. Ra8 a5 38. e4 Rc5 39. e5 Rc1 40.
Kf3 h6 41. Kg4 Rc3 42. Rb8 Rc5 43. Bd3 g5 44. fxg5 hxg5 45. h5 Bc7 46. Rb7 Kf8
47. h6 Rc3 48. Bg6 Kg8 49. Ra7 Kf8 50. h7 1-0

[Event "24th Abu Dhabi Masters"]
[Site "Abu Dhabi UAE"]
[Date "2017.08.19"]
[Round "6.22"]
[White "Suleymanli, Aydin"]
[Black "Mekhitarian, Krikor Sevag"]
[Result "1/2-1/2"]
[WhiteTitle "CM"]
[BlackTitle "GM"]
[WhiteElo "2328"]
[BlackElo "2534"]
[WhiteFideId "13413937"]
[BlackFideId "2107660"]
[EventDate "2017.08.14"]

1. d4 Nf6 2. c4 e6 3. Nf3 b6 4. a3 Ba6 5. Qc2 c5 6. e3 Be7 7. Bd3 cxd4 8. exd4
d5 9. cxd5 Bxd3 10. Qxd3 Nxd5 11. O-O Nc6 12. Be3 O-O 13. Nbd2 Rc8 14. Rac1 Qd7
15. Rfe1 Rfd8 16. Nc4 f6 17. Qe2 Bf8 18. Bd2 Re8 19. Rc2 b5 20. Ne3 a6 21. Nxd5
Qxd5 22. Qe4 Qxe4 23. Rxe4 Kf7 24. Re1 Bd6 25. Rec1 Ne7 26. Rxc8 Rxc8 27. Rxc8
Nxc8 28. Kf1 Nb6 29. Ke2 g5 30. h3 Nd5 31. Kd3 h5 32. g3 g4 33. hxg4 hxg4 34.
Nh4 f5 35. Ng2 e5 36. dxe5 Bxe5 37. Bc1 a5 38. b3 Ke6 39. Bd2 a4 40. bxa4 bxa4
41. Kc4 Bb2 42. Bb4 Nxb4 43. Kxb4 Bd4 44. Nf4+ Ke5 45. Kxa4 Ke4 46. Kb3 Bxf2 47.
Nh5 Kf3 48. a4 Bxg3 49. Nxg3 Kxg3 50. a5 f4 51. a6 f3 52. a7 f2 53. a8=Q f1=Q
54. Kb4 Qb1+ 55. Kc5 Qf5+ 56. Kd6 Qf3 57. Qa2 Kh3 58. Qd2 g3 59. Qh6+ Kg2 60.
Qd2+ Qf2 61. Qd5+ Kg1 62. Qd1+ Qf1 63. Qd4+ Kh2 64. Qh4+ Kg2 65. Qe4+ Qf3 66.
Qc2+ Qf2 67. Qd1 Qf4+ 68. Kd7 Qf5+ 69. Kc7 Kh2 70. Qd6 Qg5 71. Kb7 Qe3 72. Kb8
Kg1 73. Qd1+ Kf2 74. Qc2+ Kf3 75. Qc6+ Qe4 76. Qc3+ Kg4 77. Qg7+ Kf4 78. Qf6+
Qf5 79. Qd4+ Kf3 80. Qd1+ Kf2 81. Qd2+ Kg1 82. Qd1+ Kh2 83. Qd6 Qb1+ 84. Ka7
Qg1+ 85. Kb8 Qe3 86. Kc8 Qc3+ 87. Kb8 Qb2+ 88. Kc8 Qg7 89. Kb8 Qc3 90. Ka8 Kg1
91. Qb6+ Kg2 92. Kb8 Kh2 93. Qh6+ Kg2 94. Qb6 Kf3 95. Qb7+ Kf2 96. Qb6+ Qe3 97.
Qb2+ Kf3 98. Qb7+ Qe4 99. Qb3+ Kf4 100. Qf7+ Qf5 101. Qc4+ Kg5 102. Qg8+ Kh4
103. Qh8+ Kg4 104. Qg7+ Qg5 105. Qd7+ Qf5 106. Qg7+ Kf4 107. Qd4+ Qe4 108. Qf6+
Ke3 1/2-1/2

[Event "24th Abu Dhabi Masters"]
[Site "Abu Dhabi UAE"]
[Date "2017.08.19"]
[Round "6.23"]
[White "Pazos Porta, Antonio"]
[Black "Harika, Dronavalli"]
[Result "1/2-1/2"]
[WhiteTitle "FM"]
[BlackTitle "GM"]
[WhiteElo "2325"]
[BlackElo "2526"]
[WhiteFideId "2263190"]
[BlackFideId "5015197"]
[EventDate "2017.08.14"]

1. e4 c5 2. Nf3 Nc6 3. Nc3 e5 4. Bc4 Be7 5. d3 Nf6 6. Nd2 d6 7. Nf1 Bg4 8. f3
Be6 9. Ne3 O-O 10. O-O Nh5 11. Ncd5 Bg5 12. c3 Rb8 13. a4 Ne7 14. Nxe7+ Qxe7 15.
Bxe6 fxe6 16. g3 g6 17. Ng4 Bxc1 18. Qxc1 Nf6 19. Nxf6+ Qxf6 20. Qe3 1/2-1/2

[Event "24th Abu Dhabi Masters"]
[Site "Abu Dhabi UAE"]
[Date "2017.08.19"]
[Round "6.24"]
[White "Sviridov, Valery"]
[Black "Medarde Santiago, Luis Marcos"]
[Result "1-0"]
[BlackTitle "FM"]
[WhiteElo "2519"]
[BlackElo "2332"]
[WhiteFideId "4120680"]
[BlackFideId "2263076"]
[EventDate "2017.08.14"]

1. Nf3 Nf6 2. g3 e6 3. Bg2 d5 4. O-O Be7 5. c4 O-O 6. d4 dxc4 7. Qc2 a6 8. Qxc4
b5 9. Qc2 Bb7 10. Bd2 Be4 11. Qc1 c6 12. a4 Nbd7 13. Nc3 Bg6 14. Nh4 Bh5 15. Re1
Nd5 16. Nf3 Qb6 17. Ne4 Bxf3 18. Bxf3 Qxd4 19. axb5 cxb5 20. Rd1 Qb6 21. Nc3
Rac8 22. Nxd5 exd5 23. Qb1 d4 24. Bg4 Qa7 25. Bf4 Rcd8 26. Rc1 Nf6 27. Rc7 Qb6
28. Bf3 Bd6 29. Rc6 Qb8 30. Bg5 Be5 31. Raxa6 h6 32. Rab6 Qa7 33. Rxb5 hxg5 34.
Rxe5 d3 35. exd3 g4 36. Bg2 Rfe8 37. Re1 Qd4 38. Rc3 Qb4 39. Re3 Rb8 40. Rc2 g6
41. Qd1 Qb3 42. Qd2 Qa2 43. Rxe8+ Nxe8 44. h4 gxh3 45. Bxh3 Rd8 46. b4 Qd5 47.
Bg2 Qd4 48. Qc3 Qg4 49. Rc1 Nd6 50. Qf6 Qd7 51. Bd5 Kh7 52. Kg2 Nf5 53. Bxf7
Qb7+ 54. Kg1 Rd6 55. Bxg6+ Kh6 56. Qxf5 Rxg6 57. Qf4+ Rg5 58. Rc5 Kh7 59. Qh4+ 1-0

[Event "24th Abu Dhabi Masters"]
[Site "Abu Dhabi UAE"]
[Date "2017.08.19"]
[Round "6.25"]
[White "Illingworth, Max"]
[Black "Sangma, Rahul"]
[Result "0-1"]
[WhiteTitle "GM"]
[BlackTitle "IM"]
[WhiteElo "2506"]
[BlackElo "2325"]
[WhiteFideId "3205207"]
[BlackFideId "5013615"]
[EventDate "2017.08.14"]

1. e4 e5 2. Nf3 Nc6 3. Bc4 Bc5 4. O-O Nf6 5. d3 O-O 6. h3 a6 7. Re1 d6 8. a4 Be6
9. Bxe6 fxe6 10. c3 Nh5 11. b4 Ba7 12. Be3 Qf6 13. Kh2 Nf4 14. Bxa7 Rxa7 15. Ra2
Nxh3 16. Kxh3 Qh6+ 17. Nh4 g5 18. g3 Ne7 19. Qd2 Rf6 20. Rh1 gxh4 21. Qxh6 Rxh6
22. Kg2 Kg7 23. Rxh4 Rxh4 24. gxh4 Ra8 25. Rd2 Kh6 26. d4 Rg8+ 27. Kf1 exd4 28.
cxd4 Rg4 29. Nc3 Rxh4 30. f3 Ng6 31. Kg1 Rh3 32. Rd3 Nf4 33. Re3 Rg3+ 34. Kf1
Rg2 35. d5 e5 36. Nd1 Rd2 37. Nf2 Rc2 38. Ng4+ Kg5 39. Rb3 h5 40. Ne3 Rc1+ 41.
Kf2 b6 42. b5 a5 43. Ra3 h4 44. Ra2 Kh5 45. Nf5 Rc3 46. Ne3 Nd3+ 47. Kg2 Nf4+
48. Kf2 Nd3+ 49. Kg2 Nc1 50. Ra1 Nb3 51. Re1 Nd4 52. Kf2 Nc2 53. Nxc2 Rxc2+ 54.
Ke3 h3 55. f4 Rc3+ 56. Kd2 Rg3 57. fxe5 dxe5 58. Ke2 h2 59. Rh1 Rh3 60. Kf2 Kg4
61. Kg2 Rh7 62. Re1 h1=Q+ 0-1

[Event "24th Abu Dhabi Masters"]
[Site "Abu Dhabi UAE"]
[Date "2017.08.19"]
[Round "6.26"]
[White "Nihal, Sarin"]
[Black "Phadke, Sohan"]
[Result "1/2-1/2"]
[WhiteTitle "FM"]
[BlackTitle "FM"]
[WhiteElo "2485"]
[BlackElo "2111"]
[WhiteFideId "25092340"]
[BlackFideId "5016223"]
[EventDate "2017.08.14"]

1. d4 f5 2. Nf3 e6 3. g3 Nf6 4. Bg2 d5 5. O-O Bd6 6. c4 O-O 7. Nc3 c6 8. Qc2 Qe7
9. Bg5 h6 10. Bf4 Bxf4 11. gxf4 Nbd7 12. cxd5 cxd5 13. Nb5 Nb6 14. Ne5 Bd7 15.
Qb3 Bxb5 16. Qxb5 Rfc8 17. Rfc1 Qe8 18. Qxe8+ Nxe8 19. b3 Nf6 20. h4 Rxc1+ 21.
Rxc1 Rc8 22. Rc5 Kf8 23. a4 Rxc5 24. dxc5 Nbd7 25. c6 bxc6 26. Nxc6 Nc5 27. Nd4
a5 28. e3 Ke7 29. f3 Kd6 30. Kf2 Ng8 31. Ke2 Ne7 32. Kd2 h5 33. Kc3 Na6 34. e4
Ng6 35. Bf1 Nb4 36. exf5 exf5 37. Nxf5+ Kc5 38. Nxg7 Nxf4 39. Bb5 d4+ 40. Kd2
Nbd5 41. Bc4 Ne3 42. Ne6+ Nxe6 43. Bxe6 Ng2 44. Bf7 Nf4 45. Kc2 Kb4 1/2-1/2

[Event "24th Abu Dhabi Masters"]
[Site "Abu Dhabi UAE"]
[Date "2017.08.19"]
[Round "6.27"]
[White "Chifor, Ovidiu-Emanuel"]
[Black "Abdusattorov, Nodirbek"]
[Result "0-1"]
[BlackTitle "IM"]
[WhiteElo "2245"]
[BlackElo "2470"]
[WhiteFideId "1215400"]
[BlackFideId "14204118"]
[EventDate "2017.08.14"]

1. d4 Nf6 2. Nf3 e6 3. Bf4 b6 4. e3 Bb7 5. h3 c5 6. c3 Nc6 7. Bd3 d5 8. Nbd2 Be7
9. Ne5 O-O 10. Qc2 Rc8 11. Nxc6 Bxc6 12. Bg5 h6 13. Bh4 Nd7 14. Bxe7 Qxe7 15.
O-O e5 16. Rfe1 Qf6 17. dxe5 Nxe5 18. Bh7+ Kh8 19. Bf5 Rcd8 20. e4 Qg5 21. Rad1
dxe4 22. Bxe4 Bd7 23. Kh1 Qf6 24. Nf1 g6 25. Ne3 Qh4 26. Bb7 Rfe8 27. Nf1 Bf5
28. Rxd8 Rxd8 29. Be4 Be6 30. Ng3 Kg7 31. b3 Qf4 32. Re3 Qh4 33. Kg1 c4 34. b4
Qf6 35. Ne2 Nd3 36. Nd4 Nf4 37. Kf1 Bd5 38. Bxd5 Nxd5 39. Rf3 Qd6 40. a3 Nxc3
41. Rxc3 Qxd4 42. Rxc4 Qa1+ 43. Ke2 Re8+ 44. Kf3 Qxa3+ 45. Qc3+ Qxc3+ 46. Rxc3
a5 47. Rc6 Re6 48. Rc7 axb4 49. Rc4 b5 50. Rxb4 Rb6 51. Ke4 Kf6 52. Kd5 Kf5 53.
h4 h5 54. g3 g5 55. hxg5 Kxg5 56. Kc5 Rf6 57. Rb2 Rf5+ 58. Kd4 Kg4 59. Ke4 f6
60. f3+ Rxf3 61. Rxb5 f5+ 62. Ke5 Kxg3 63. Rb8 h4 64. Rg8+ Kf2 65. Rh8 h3 66.
Rh7 Kg2 67. Rg7+ Rg3 68. Ra7 h2 69. Ra2+ Kh3 70. Ra1 Rg1 71. Ra3+ Kh4 72. Ra4+
Kh5 0-1

[Event "24th Abu Dhabi Masters"]
[Site "Abu Dhabi UAE"]
[Date "2017.08.19"]
[Round "6.28"]
[White "Golubov, Saveliy"]
[Black "Stegariu, Vlad-Ionut"]
[Result "1/2-1/2"]
[WhiteTitle "IM"]
[WhiteElo "2512"]
[BlackElo "2244"]
[WhiteFideId "24176729"]
[BlackFideId "1217860"]
[EventDate "2017.08.14"]

1. d4 Nf6 2. Nf3 e6 3. Bf4 b6 4. e3 Bb7 5. Bd3 Be7 6. h3 O-O 7. O-O c5 8. c3 d5
9. Nbd2 Ba6 10. Bxa6 Nxa6 11. Qa4 Qc8 12. Ne5 Nb8 13. Bg5 Qb7 14. b4 h6 15. Bh4
Rc8 16. bxc5 bxc5 17. Rab1 Qc7 18. c4 cxd4 19. exd4 dxc4 20. Ndxc4 1/2-1/2

[Event "24th Abu Dhabi Masters"]
[Site "Abu Dhabi UAE"]
[Date "2017.08.19"]
[Round "6.29"]
[White "Muthaiah, AL"]
[Black "Gupta, Abhijeet"]
[Result "1-0"]
[BlackTitle "GM"]
[WhiteElo "2292"]
[BlackElo "2639"]
[WhiteFideId "5092442"]
[BlackFideId "5010608"]
[EventDate "2017.08.14"]

1. Nf3 g6 2. d4 Bg7 3. g3 d5 4. Bg2 Nf6 5. O-O c6 6. b3 a5 7. c4 a4 8. cxd5 Nxd5
9. Bb2 O-O 10. Na3 b5 11. Nc2 Bf5 12. Ne5 Be6 13. Nd3 Nd7 14. e4 N5b6 15. Ncb4
a3 16. Bc3 c5 17. Nc6 Qe8 18. Rc1 Nb8 19. Nce5 c4 20. d5 cxd3 21. dxe6 Bxe5 22.
Bxe5 Nc6 23. Bc7 Nc8 24. e5 N8a7 25. exf7+ Rxf7 26. Qxd3 Rc8 27. e6 Rf8 28. Bb6
Nb4 29. Rxc8 Nxc8 30. Qd2 Nxb6 31. Qxb4 Rf6 32. Re1 Nc8 33. Qxa3 Qd8 34. Qc5 Rf5
35. Re5 Rxe5 36. Qxe5 Qd1+ 37. Bf1 Nd6 38. b4 Qb1 39. a3 Qc1 40. Qc5 Qe1 41. Qe3
Qd1 42. Qa7 Kf8 43. Qd7 Qe1 44. Qd8+ Ne8 45. h4 Qc1 46. Qb8 Qe1 47. Qa8 Qe5 48.
Bd3 g5 49. hxg5 Qxg5 50. Be4 Qh5 51. Bc6 1-0

[Event "24th Abu Dhabi Masters"]
[Site "Abu Dhabi UAE"]
[Date "2017.08.19"]
[Round "6.30"]
[White "Neelotpal, Das"]
[Black "Davtyan, Artur"]
[Result "1-0"]
[WhiteTitle "GM"]
[BlackTitle "FM"]
[WhiteElo "2441"]
[BlackElo "2298"]
[WhiteFideId "5003512"]
[BlackFideId "13308327"]
[EventDate "2017.08.14"]

1. d4 d5 2. Bf4 Nf6 3. e3 e6 4. Nd2 Be7 5. Bd3 c5 6. c3 Nc6 7. Ngf3 O-O 8. Ne5
Bd6 9. Bg3 Qe7 10. f4 Ne8 11. Ndf3 f6 12. Nxc6 bxc6 13. Qc2 f5 14. Bh4 Nf6 15.
Ne5 Qc7 16. O-O Ne4 17. b3 a5 18. Rac1 Qb6 19. Bxe4 fxe4 20. c4 cxd4 21. c5 d3
22. cxb6 dxc2 23. Rxc2 c5 24. Rfc1 Re8 25. Be1 Ba6 26. Nc6 Bd3 27. b7 Ra6 28.
Rxc5 Rb6 29. b8=Q Bxb8 30. Bxa5 Ra6 31. Nxb8 Rxb8 32. Bc7 Rb7 33. Be5 Rxa2 34.
Rc8+ Kf7 35. R1c7+ Rxc7 36. Rxc7+ Kg6 37. Rxg7+ Kh6 38. Rg5 Ra7 39. Bd6 Rf7 40.
g4 d4 41. Rg8 dxe3 42. Bf8+ Rxf8 43. Rxf8 e2 44. Kf2 e3+ 45. Ke1 1-0

[Event "24th Abu Dhabi Masters"]
[Site "Abu Dhabi UAE"]
[Date "2017.08.19"]
[Round "6.31"]
[White "Prieto Aranguren, Alain"]
[Black "Asgarizadeh, Ahmad"]
[Result "0-1"]
[BlackTitle "IM"]
[WhiteElo "2286"]
[BlackElo "2423"]
[WhiteFideId "2268906"]
[BlackFideId "12505684"]
[EventDate "2017.08.14"]

1. d4 Nf6 2. Bg5 d5 3. e3 c5 4. Bxf6 gxf6 5. dxc5 Nc6 6. Nc3 e6 7. Qh5 Bxc5 8.
O-O-O Qe7 9. Nge2 f5 10. h3 Bd7 11. g4 fxg4 12. hxg4 O-O-O 13. Nd4 Nxd4 14. exd4
Bd6 15. Qh4 f6 16. Bd3 Kb8 17. Qh6 Bb4 18. Ne2 e5 19. Bf5 Bb5 20. Qe3 h6 21. c3
Bd6 22. Rde1 Qg7 23. Ng3 exd4 24. Qxd4 Be5 25. Qb4 Bc6 26. Nh5 Qc7 27. Rhf1 a5
28. Qb3 a4 29. Qc2 a3 30. f4 axb2+ 31. Kxb2 Bd6 32. Re6 Bc5 33. Nxf6 d4 34. c4
d3 35. Bxd3 Qb6+ 36. Kc1 Be3+ 37. Kd1 Rxd3+ 38. Qxd3 Ba4+ 39. Ke2 Qxe6 40. Ne4
Bc5 41. f5 Qe5 42. Qg3 Qxg3 43. Nxg3 Re8+ 44. Kd2 Rd8+ 45. Kc3 Rd4 46. f6 Rxg4
47. Nf5 Rg6 48. Nh4 Rg3+ 49. Kd2 Bb4+ 50. Ke2 Bc2 51. Rf4 Bf8 52. f7 Kc7 53. Nf3
Kd7 54. Nd4 Bg6 55. Kf2 Rd3 56. Nf3 Ke6 57. a4 Rd8 0-1

[Event "24th Abu Dhabi Masters"]
[Site "Abu Dhabi UAE"]
[Date "2017.08.19"]
[Round "6.32"]
[White "Fawzy, Adham"]
[Black "Muradli, Mahammad"]
[Result "1/2-1/2"]
[WhiteTitle "IM"]
[BlackTitle "FM"]
[WhiteElo "2422"]
[BlackElo "2357"]
[WhiteFideId "10613129"]
[BlackFideId "13409301"]
[EventDate "2017.08.14"]

1. e4 Nf6 2. Nc3 e6 3. d4 c5 4. Nf3 d5 5. Bg5 cxd4 6. Qxd4 dxe4 7. Bb5+ Bd7 8.
Ne5 Nc6 9. Nxd7 Qxd7 10. Bxf6 gxf6 11. Bxc6 Qxc6 12. Nxe4 e5 13. Qd5 Rc8 14. Rd1
Be7 15. c3 Qxd5 16. Rxd5 Rd8 17. Rxd8+ Kxd8 18. Ke2 Kd7 19. g4 h5 20. f3 hxg4
21. fxg4 Rh4 22. h3 f5 23. Nf2 Ke6 24. Rd1 Bc5 25. gxf5+ Kxf5 26. Rd7 f6 27. Nd3
Bb6 28. Rxb7 Rxh3 29. Rd7 Rh2+ 30. Kf3 Rd2 31. Nc5 Rxb2 32. Ne4 Rb1 33. Rd6 Rf1+
34. Ke2 Rf4 35. Nxf6 Ra4 36. Nd7 Rxa2+ 37. Kd3 e4+ 38. Kc4 e3 39. Rf6+ Kg4 40.
Ne5+ Kg3 41. Nd3 Ra4+ 42. Kb3 Re4 43. Kc2 e2 44. Rg6+ Kh4 45. Ne1 Bf2 46. Kd2
Bxe1+ 47. Kxe1 a5 48. c4 Rxc4 49. Kxe2 1/2-1/2

[Event "24th Abu Dhabi Masters"]
[Site "Abu Dhabi UAE"]
[Date "2017.08.19"]
[Round "6.33"]
[White "Hari, Madhavan N B"]
[Black "Vogt, Lothar"]
[Result "1/2-1/2"]
[BlackTitle "GM"]
[WhiteElo "2246"]
[BlackElo "2420"]
[WhiteFideId "25054309"]
[BlackFideId "4611292"]
[EventDate "2017.08.14"]

1. d4 Nf6 2. Nf3 g6 3. g3 Bg7 4. Bg2 O-O 5. O-O d6 6. b3 c5 7. Bb2 cxd4 8. Nxd4
d5 9. c4 dxc4 10. bxc4 Nbd7 11. Nd2 a6 12. N4b3 Qc7 13. Bc3 Rb8 14. Bb4 Ne5 15.
Rc1 Rd8 16. c5 Nc6 17. Bc3 Bf5 18. Qe1 Be6 19. Bb2 Qd7 20. Nc4 Bh3 21. f3 Bxg2
22. Kxg2 Qe6 23. Qf2 Bh6 24. f4 Bg7 25. Qf3 Rd5 26. Qe3 Qf5 27. Qf3 Qe6 28. Qe3
Qe4+ 29. Qxe4 Nxe4 30. Bxg7 Kxg7 31. Nb6 Rdd8 32. Nc4 Nd4 33. Nca5 f5 34. c6
Nxc6 35. Nxc6 bxc6 36. Rxc6 a5 37. Ra6 Ra8 38. Rxa5 Rxa5 39. Nxa5 Rd2 40. Re1
Rxa2 41. Nb3 Kf6 1/2-1/2

[Event "24th Abu Dhabi Masters"]
[Site "Abu Dhabi UAE"]
[Date "2017.08.19"]
[Round "6.34"]
[White "Omidi, Arya"]
[Black "Manafov, Vugar"]
[Result "1/2-1/2"]
[WhiteElo "2415"]
[BlackElo "2240"]
[WhiteFideId "12508780"]
[BlackFideId "13410814"]
[EventDate "2017.08.14"]

1. e4 Nf6 2. e5 Nd5 3. d4 d6 4. Nf3 g6 5. Bc4 Nb6 6. Bb3 Bg7 7. Ng5 d5 8. e6
Bxe6 9. Nxe6 fxe6 10. O-O Nc6 11. c3 Qd6 12. f4 O-O-O 13. a4 Nd7 14. Qe2 g5 15.
Na3 a6 16. fxg5 e5 17. dxe5 Bxe5 18. h3 Rdf8 19. Be3 e6 20. Bc2 Qe7 21. Kh1
Rxf1+ 22. Qxf1 Rf8 23. Qd3 Bf4 24. Bxf4 Rxf4 25. Qg3 e5 26. Re1 Qf7 27. Kh2 Ne7
28. a5 c6 29. Bb1 Nf5 30. Bxf5 Qxf5 31. b4 Rf2 32. Kg1 Ra2 33. c4 d4 34. c5 Qe6
35. Rc1 Qd5 36. Nc4 d3 37. Nb6+ Nxb6 38. axb6 Qd4+ 39. Kh2 d2 1/2-1/2

[Event "24th Abu Dhabi Masters"]
[Site "Abu Dhabi UAE"]
[Date "2017.08.19"]
[Round "6.35"]
[White "Jonkman, Harmen"]
[Black "Vantika, Agrawal"]
[Result "1/2-1/2"]
[WhiteTitle "GM"]
[WhiteElo "2402"]
[BlackElo "2238"]
[WhiteFideId "1002708"]
[BlackFideId "25050389"]
[EventDate "2017.08.14"]

1. e4 c5 2. c3 Nf6 3. e5 Nd5 4. Nf3 e6 5. Bc4 d6 6. d4 cxd4 7. cxd4 Be7 8. O-O
O-O 9. Bd2 b6 10. Nc3 Nxc3 11. Bxc3 Ba6 12. Bxa6 Nxa6 13. d5 exd5 14. Re1 dxe5
15. Bxe5 Nc5 16. Nd4 Bf6 17. Nf5 Re8 18. f4 Bxe5 19. Rxe5 Qf6 1/2-1/2

[Event "24th Abu Dhabi Masters"]
[Site "Abu Dhabi UAE"]
[Date "2017.08.19"]
[Round "6.36"]
[White "Sardana, Rishi"]
[Black "Kulkarni, Vinayak"]
[Result "1/2-1/2"]
[WhiteTitle "IM"]
[WhiteElo "2386"]
[BlackElo "2204"]
[WhiteFideId "25004301"]
[BlackFideId "5021332"]
[EventDate "2017.08.14"]

1. e4 c5 2. Nf3 Nc6 3. Bb5 e6 4. O-O Nge7 5. Re1 Nd4 6. Nxd4 cxd4 7. d3 a6 8.
Ba4 Nc6 9. a3 Be7 10. Bxc6 dxc6 11. Qg4 e5 12. Qxg7 Bf6 13. Qh6 Be6 14. f4 exf4
15. Bxf4 Rg8 16. Nd2 Rg6 17. Qh5 Qd7 18. Kh1 O-O-O 19. Qc5 Be7 20. Qe5 Bd6 21.
Qxd6 Qxd6 22. Bxd6 Rxd6 23. Nf3 c5 24. b4 cxb4 25. axb4 Rg7 26. Ra5 Bg4 27. Rc5+
Kb8 28. Ne5 Be6 29. Rf1 Rd8 30. b5 axb5 31. Rxb5 Rc8 32. Rb2 f5 33. Kg1 fxe4 34.
dxe4 Bh3 35. Rf2 Rc5 36. Nd3 Ra5 37. Rf8+ Ka7 38. Nf4 Bd7 39. Rd8 Rf7 40. g3 h5
41. h4 Ra1+ 42. Kg2 Rd1 43. Ra2+ Kb6 44. e5 Rd2+ 45. Kf1 Bg4 46. Rd6+ Kc7 47.
Ra1 Rxc2 48. Ke1 d3 49. Rxd3 Rc5 50. Re3 Re7 51. e6 Kd8 52. Rd3+ Kc7 53. Re3 Kd8
54. Ra2 Rec7 55. Ra8+ Ke7 56. Ra1 Rc1+ 57. Rxc1 Rxc1+ 58. Kd2 Rd1+ 59. Kc3 Rd6
60. Re5 Bxe6 61. Rxh5 Bf7 62. Rh8 Ra6 63. Kd4 Ra3 64. Nd3 Bg6 65. Ne5 Ra4+ 66.
Kc3 Ra3+ 67. Kd4 Ra4+ 68. Kd5 Ra5+ 69. Kd4 1/2-1/2

[Event "24th Abu Dhabi Masters"]
[Site "Abu Dhabi UAE"]
[Date "2017.08.19"]
[Round "6.37"]
[White "Hedman, Erik"]
[Black "Mahalakshmi, M"]
[Result "1/2-1/2"]
[WhiteTitle "FM"]
[BlackTitle "WIM"]
[WhiteElo "2376"]
[BlackElo "2140"]
[WhiteFideId "1702351"]
[BlackFideId "5001080"]
[EventDate "2017.08.14"]

1. d4 Nf6 2. c4 Nc6 3. Nf3 d6 4. g3 e5 5. d5 Ne7 6. Bg2 g6 7. O-O Bg7 8. Nc3 O-O
9. e4 Ne8 10. Ne1 f5 11. Nd3 Nf6 12. Bg5 fxe4 13. Nxe4 Nxe4 14. Bxe4 Bh3 15. Re1
Qd7 16. f4 Rae8 17. fxe5 dxe5 18. Qd2 b6 19. b4 Bf5 20. Nf2 b5 21. c5 Bxe4 22.
Bxe7 Bxd5 23. Bxf8 Rxf8 24. Ne4 Qe6 25. a4 bxa4 26. Rxa4 Qc6 27. b5 Qb7 28. Rxa7
Qxa7 29. Qxd5+ Kh8 30. Rf1 Rxf1+ 31. Kxf1 h6 32. Kg2 g5 33. g4 Qa1 34. Qd8+ Kh7
35. Qd3 Qb2+ 36. Kh3 Kh8 37. Qd8+ Kh7 38. Qd3 Kh8 39. Kg3 Qc1 40. Qe2 Bf8 41.
Qf2 Be7 42. b6 cxb6 43. cxb6 Qb1 44. Qf5 Qxb6 45. Qxe5+ Kg8 46. Qxe7 Qe3+ 47.
Kg2 Qe2+ 48. Kh3 Qe3+ 1/2-1/2

[Event "24th Abu Dhabi Masters"]
[Site "Abu Dhabi UAE"]
[Date "2017.08.19"]
[Round "6.38"]
[White "Kumar, Gaurav"]
[Black "Bellia, Fabrizio"]
[Result "0-1"]
[BlackTitle "IM"]
[WhiteElo "2210"]
[BlackElo "2444"]
[WhiteFideId "5085578"]
[BlackFideId "800511"]
[EventDate "2017.08.14"]

1. e4 e5 2. Nf3 Nc6 3. Bb5 a6 4. Ba4 Nf6 5. O-O Be7 6. Re1 b5 7. Bb3 d6 8. c3
O-O 9. h3 Nb8 10. d4 c5 11. Nbd2 Nbd7 12. d5 c4 13. Bc2 Qc7 14. b3 Bb7 15. b4 a5
16. a3 Nb6 17. Nf1 axb4 18. cxb4 Bc8 19. Ng3 Bd7 20. Nh2 Ra6 21. Ng4 Nxg4 22.
hxg4 g6 23. f3 Bh4 24. Kf2 Na4 25. Be3 f5 26. exf5 gxf5 27. gxf5 Bxf5 28. Bxf5
Qg7 29. Be6+ Kh8 30. Rh1 Bxg3+ 31. Kg1 Nb2 32. Qd2 Bf4 33. Rh5 Qa7 34. Bxa7 Bxd2
35. Bf2 c3 36. Bf5 Rxf5 37. Rxf5 c2 38. Rf7 c1=Q+ 39. Rxc1 Bxc1 40. Bh4 Nc4 41.
Bf6+ Kg8 42. Rg7+ Kf8 43. Rxh7 Rxa3 44. Rb7 Bf4 0-1

[Event "24th Abu Dhabi Masters"]
[Site "Abu Dhabi UAE"]
[Date "2017.08.19"]
[Round "6.39"]
[White "Hakobyan, Eduard"]
[Black "Raja, Harshit"]
[Result "0-1"]
[WhiteElo "2164"]
[BlackElo "2434"]
[WhiteFideId "13310860"]
[BlackFideId "5089000"]
[EventDate "2017.08.14"]

1. e4 c5 2. Nf3 d6 3. d4 cxd4 4. Nxd4 Nf6 5. Nc3 a6 6. f3 e5 7. Nb3 Be6 8. Be3
Be7 9. Qd2 O-O 10. O-O-O Nbd7 11. g4 b5 12. g5 b4 13. Ne2 Ne8 14. h4 a5 15. Kb1
a4 16. Nbc1 Nc7 17. f4 b3 18. axb3 axb3 19. f5 bxc2+ 20. Qxc2 Nd5 21. exd5 Qa5
22. Qd3 Rfc8 23. Nc3 Bxf5 24. Qxf5 Rxc3 25. bxc3 Qxc3 26. Ba7 Rxa7 27. Ba6 Rxa6
28. Nb3 Qxb3+ 0-1